000 00335nam a22001457a 4500
008 180308b xxu||||| |||| 00| 0 eng d
020 _a9780072962161
041 _aeng
080 _a339.138
082 _a339.138 PET
100 _a60
101 _aMAR
245 _aA perface to marketing management
_cPeter,J.P
942 _2udc
_cBK
999 _c44413
_d44413